000 00506nam a2200181Ia 4500
003 GCL
008 140319s9999 xx 000 0 ara d
040 _aGCL /
_cGCL
082 0 4 _a272.1
_bن ا
100 1 _aفايز فارس
245 1 0 _aاضواء على الاصلاح الانجيلى /
_cفايز فارس
260 _a[S.N] :
_bدار الثقافة المسيحية ،
_c1984
300 _a100 ص
490 _a
650 0 4 _aالاشتقاق
650 0 4 _aالانجيل
942 _2ddc
_cBK
999 _c56062
_d56062